The Three Quiz Stats

 Plays Quiz Updated Nov 16, 2017

Score 0/20 Timer 05:00
5 Plays Today
Hint Answers % Correct
The big bad wolf blows their houses downThree Little Pigs
92%
Larry, Curly, and MoeThree Stooges
91.1%
A movie or image giving the illusion of depth or varying distances (e.g. Monsters vs Aliens)3-D
90.3%
These Magi are said to have visited Jesus after his birthThree Wise Men
87%
See how they run in this children's nursery rhymeThree Blind Mice
81.8%
In poker, this ranks above two pair and below a straightThree of a kind
81%
An out in baseball, a turkey in bowling or a possible life sentenceThree Strikes
80.6%
Trousers, a jacket, and a vest or waistcoatThree Piece Suit
75.3%
Luciano Pavarotti, Plácido Domingo and José Carreras The Three Tenors
67.3%
Sang the song 'Kryptonite'Three Doors Down
64.6%
Hint Answers % Correct
Ringling Bros. and Barnum & Bailey's circular showcaseThree Ring Circus
63.9%
Athos, Porthos, and AramisThe Three Musketeers
62.5%
Circumference divided by diameter (pi)Three point one four...
62.3%
1979 scene of a near-disastrous accident at a nuclear plantThree Mile Island
49.4%
Janet Wood, Chrissy Snow, and Jack TripperThree's Company
49.1%
Sang the hit song 'Joy to The World'Three Dog Night
40.1%
Madam Rosmerta's pub in Harry Potter's HogsmeadeThe Three Broomsticks
37.7%
Lucky Day, Ned Nederlander, and Dusty BottomsThe Three Amigos!
32.6%
2007 Russell Crowe and Christian Bale movie3:10 to Yuma
21.8%
Sang the song 'Animal I Have Become'Three Days Grace
18.7%

You're not logged in!

Compare scores with friends on all Sporcle quizzes.
OR
Log In

Sporcle TV

Today on Sporcle TV


Watch our educational content, quiz creation guides, and fun videos on Sporcle TV.

Show Comments

Extras

Top Quizzes Today


Score Distribution

Your Account Isn't Verified!

In order to create a playlist on Sporcle, you need to verify the email address you used during registration. Go to your Sporcle Settings to finish the process.

Report this User

Report this user for behavior that violates our Community Guidelines.

Details: